| 000 | 00335nam a2200133Ia 4500 | ||
|---|---|---|---|
| 008 | 231129s1979||||xx |||||||||||||| ||spa|| | ||
| 040 | _bspa | ||
| 082 | _a833 K82m | ||
| 100 | _aKonsalik Heinz G. | ||
| 245 | 0 | _aEl médico de Stalingrado | |
| 260 | _c1979 | ||
| 264 | _aBogotá Colombia : Círculo de Lectores | ||
| 942 |
_2ddc _cBKS |
||
| 999 |
_c11659 _d11659 |
||